| 000 | 00719nam a2200241 a 4500 | ||
|---|---|---|---|
| 008 | |||
| 020 | _a0750630930 (pbk. ) | ||
| 090 | _aTH145BEN | ||
| 100 | 1 | _aBennett, John | |
| 245 | 1 | 0 |
_aConstruction : _bthe third way / _cJohn Bennett. |
| 260 |
_aOxford : _bButterworth-Heinemann, _c2000. |
||
| 300 |
_axi, 212p. : _bill. ; _c24cm. |
||
| 440 | _aReed elsevier plc group. | ||
| 504 | _aIncludes bibliographical references. | ||
| 500 | _aIncludes index. | ||
| 650 | 1 | _aConstruction industry-Great Britain-Management. | |
| 907 |
_a.b10178181 _b30-04-07 _c04-10-05 |
||
| 003 | |||
| 005 | 20230123134120.0 | ||
| 040 | _cNUST | ||
| 049 | _aMAIN | ||
| 942 |
_cBOOKS _kTH145BEN |
||
| 999 |
_c160310 _d160310 |
||